000 01171nam0a22003251 4500
001 v19\rc\1727237
005 20260406103756.0
035 _a(NLR Aleph) 004844427
090 _a4856369
_c4856369
100 _a20061002d1901 |||y0rusy50 ca
101 1 _arus
_ceng
102 _aRU
105 _ay z |||a|
200 1 _aХристианин
_d(The christian)
_eРоман
_fГоль Кэн
_gПер. с англ. А.Н. Линдегрен
_zeng
210 _aСанкт-Петербург
_cтип. Н.Н. Клобукова
_d1901
215 _a[4], 527 с.
_d25
225 1 _aБиблиотека жизни
_v№ 6
510 0 _a(The christian)
_zeng
700 1 _9z01790
_aКейн
_bХ.
_f1853-1931
_gХолл
702 1 _4730
_8rus
_7ca
_aЛиндегрен
_bА. Н.
_f-1911
_gАлександра Николаевна
_3RU\NLR\AUTH\7792353
_975280
790 1 _9z01700
_aКэйн
_bХ.
_f1853-1931
_gХолл
790 1 _9z01700
_aКэн
_bГ.
_f1853-1931
_gГоль
801 0 _aRU
_bNLR
_gpsbo
801 0 _aRU
_bRuMoRGB
_2psbo
801 1 _aRU
_bProSoft-M
_2rusmarc
852 _aNLR
_j38.18.4.8
899 _aRuMoRGB
_jM 6/51
899 _aБАН
942 _cBOOK
980 _aNB